00776nam a22002057a 4500999001700000003000900017008004100026040007100067082001800138100003300156245002600189260003600215300002800251505012100279650002000400650002700420942001600447945000900463952009800472 c19828d19828AR-CdUCM190522b ||||| |||| 00| 0 spa d aMUNICIPALIDAD PROVINCIAL DEL CUSCOcBIBLIOTECA MUNICIPAL DEL CUSCO a986.72 /bC33 aCavero Egusquiza s., Ricardo aLa Amazonia Peruana / aPerú :bTorres Aguirrec1941. a143 Páginas ;c21 cm. aContenido: El rió amazonas -- referencias sobre la flora -- Aborígenes -- Moyobamba -- La región de Maynas ... aAmazonas 97356 aAmazonia peruana97545 2ddccLIBROS aAndy 002ddc4070aSHbSHcCARTd2019-05-22g10.00o986.72 / C33pSH0000015156r2019-05-22yLIBROS